| 000 | 01692cam a2200337 i 4500 | ||
|---|---|---|---|
| 003 | SA-RiAUC | ||
| 005 | 20241102105304.0 | ||
| 008 | 241101s1996 le g 000 0 ara c | ||
| 040 |
_aKW-ShULA _bara _cSA-RiAUC _erda |
||
| 050 | 4 | _bB36925 1996 | |
| 050 | 4 | _bJ8822. 1996 | |
| 082 | 0 | 4 |
_a251 _qSA-RiAUC |
| 090 |
_a251 _bج و ي |
||
| 100 | 1 |
_aالجويني، عبد الملك بن عبد الله بن يوسف، _d419-478 هجري _eمؤلف. |
|
| 245 | 1 | 0 |
_aكتاب التلخيص في أصول الفقه / _cأبو المعالي عبد الملك بن الجويني ؛ تحقيق عبد الله جولم النيبالي، شبير أحمد العمري. |
| 246 | 3 | 0 | _aالتلخيص في أصول الفقه |
| 250 | _aالطبعة الأولى. | ||
| 264 | 1 |
_aبيروت : _aمكة المكرمة : _bدار البشائر الإسلامية ؛ _bمكتبة دار الباز، _c1996 |
|
| 300 |
_a3 مجلد (568 ؛ 630 ؛ 511 صفحة ) ؛ _c24 سم |
||
| 336 |
_aنص _btxt _2rdacontent _3كتاب |
||
| 337 |
_aبدون وسيط _bn _2rdamedia |
||
| 338 |
_aمجلد _bnc _2rdacarrier |
||
| 500 | _aالأصل أطروحة من الجامعة الإسلامية بالمدينة المنورة لنيل درجة علمية. | ||
| 500 | _aتلخيص لكتاب التقريب والإرشاد / للباقلاني. | ||
| 504 | _aببليوجرافية : مجلد 3 صفحة 485-493. | ||
| 650 | 7 |
_aأصول الفقه الإسلامي _2aucsh |
|
| 700 | 1 |
_aالنيبالي، عبد الله جولم _eمحقق. |
|
| 700 | 1 |
_aالعمري، شبير أحمد _eمحقق. |
|
| 942 |
_2ddc _cBOOK _n0 |
||
| 949 |
_aSA-JeALM _d241101 _umohamedma123 _n1 |
||
| 999 |
_c1969 _d1969 |
||